[Event "Orsay Blitz op"]
[Site "Europe Echecs INT"]
[Date "2023.09.17"]
[Round "9"]
[White "Chaumont Messe, Justin"]
[Black "Dos Santos, Bruno"]
[Result "0-1"]
[WhiteElo "1099"]
[BlackElo "1344"]
[PlyCount "154"]
[EventDate "2023.09.17"]
[EventType "swiss (blitz)"]
[EventRounds "11"]
[EventCountry "FRA"]
[SourceTitle "EXT 2025"]
[Source "ChessBase"]
[SourceDate "2024.10.14"]
[SourceVersion "1"]
[SourceVersionDate "2024.10.14"]
[SourceQuality "1"]

1. e4 e5 2. Nf3 c6 3. Nxe5 Nf6 4. Qf3 Bc5 5. g4 0-0 6. Qh3 d6 7. Nd3 Bb6 8. Nf4 Nxe4 9. Bd3 d5 10. f3 Bf2+ 11. Kd1 Qe8 12. fxe4 dxe4 13. Rf1 Bb6 14. Be2 Bc7 15. d3 Bxf4 16. Rxf4 exd3 17. Bxd3 g6 18. Re4 Be6 19. Bc4 Qd7+ 20. Bd3 h5 21. Bh6 Bxg4+ 22. Qxg4 hxg4 23. Bxf8 Kxf8 24. Nd2 Na6 25. Nf1 Nc5 26. Re3 f5 27. Nd2 Nxd3 28. Rxd3 Qe7 29. c3 Rd8 30. Kc2 Qe2 31. Rxd8+ Kg7 32. Rd7+ Kh6 33. Rf1 Qxh2 34. Rf4 Qxf4 35. Rd4 Qf2 36. Rd7 g3 37. Rxb7 g2 38. Rc7 g1Q 39. Rxc6 Qgg2 40. Rd6 Qe4+ 41. Rd3 Qxd3+ 42. Kxd3 f4 43. Ne4 Qf3+ 44. Kd4 Qg4 45. Ke5 f3 46. Nf2 Qg3+ 47. Ke4 Qxf2 48. Kf4 Qg2 49. Ke3 f2 50. Ke2 f1Q+ 51. Ke3 Qff3+ 52. Kd4 Qg5 53. Kc4 Qff4+ 54. Kb3 Qb5+ 55. Kc2 Qf3 56. Kd2 Qg5+ 57. Kc2 Qgg2+ 58. Kb3 Qff1 59. Kb4 Qg5 60. c4 Qff6 61. Kb3 Qb6+ 62. Kc2 Qg4 63. Kc3 a5 64. a3 a4 65. b4 Qg3+ 66. Kc2 Qd4 67. Kc1 Qxc4+ 68. Kd1 Qgd3+ 69. Ke1 Qce4+ 70. Kf2 Qxa3 71. Kg1 Qaxb4 72. Kh2 a3 73. Kg1 a2 74. Kf2 a1R 75. Kg3 Ra3+ 76. Kf2 Qb2+ 77. Kf1 Ra1# 0-1

[Event "Orsay Blitz op"]
[Site "Europe Echecs INT"]
[Date "2023.09.17"]
[Round "2"]
[White "Dos Santos, Bruno"]
[Black "Chitlange, Sakshi"]
[Result "0-1"]
[WhiteElo "1344"]
[BlackElo "2209"]
[PlyCount "92"]
[EventDate "2023.09.17"]
[EventType "swiss (blitz)"]
[EventRounds "11"]
[EventCountry "FRA"]
[SourceTitle "EXT 2025"]
[Source "ChessBase"]
[SourceDate "2024.10.14"]
[SourceVersion "1"]
[SourceVersionDate "2024.10.14"]
[SourceQuality "1"]

1. e4 c6 2. d4 d5 3. Nc3 dxe4 4. Nxe4 Nf6 5. Nxf6+ exf6 6. Nf3 Bd6 7. Bc4 0-0 8. 0-0 Bg4 9. Qd3 Nd7 10. d5 Bxf3 11. Qxf3 Ne5 12. Qe2 Nxc4 13. Qxc4 cxd5 14. Qg4 Qb6 15. Bh6 g6 16. Bxf8 Bxf8 17. b3 f5 18. Qf3 Rc8 19. Rac1 Ba3 20. Ra1 Rxc2 21. Qxd5 Bc5 22. Qf3 Bd4 23. Rad1 Rxa2 24. Qd3 Bxf2+ 25. Kh1 Bc5 26. Rd2 Ra3 27. Qc3 Rxb3 28. Qa1 a5 29. Re1 Re3 30. Rxe3 Bxe3 31. Re2 Bd4 32. Re8+ Kg7 33. Qd1 a4 34. h3 a3 35. Re1 a2 36. Qd2 a1Q 37. Rxa1 Bxa1 38. Kh2 Be5+ 39. g3 Qb3 40. h4 Qxg3+ 41. Kh1 Qh2+ 42. Qxh2 Bxh2 43. Kxh2 b5 44. Kg2 b4 45. Kf2 b3 46. Ke2 b2 0-1

[Event "Orsay Blitz op"]
[Site "Europe Echecs INT"]
[Date "2023.09.17"]
[Round "4"]
[White "Dos Santos, Bruno"]
[Black "Noiret, Alexis"]
[Result "1-0"]
[WhiteElo "1344"]
[BlackElo "1099"]
[PlyCount "46"]
[EventDate "2023.09.17"]
[EventType "swiss (blitz)"]
[EventRounds "11"]
[EventCountry "FRA"]
[SourceTitle "EXT 2025"]
[Source "ChessBase"]
[SourceDate "2024.10.14"]
[SourceVersion "1"]
[SourceVersionDate "2024.10.14"]
[SourceQuality "1"]

1. e4 e5 2. Nf3 Nc6 3. c3 Nf6 4. d4 exd4 5. e5 Nd5 6. cxd4 f6 7. Bc4 Nb6 8. Bb3 Bb4+ 9. Nc3 Bxc3+ 10. bxc3 d6 11. 0-0 Nd5 12. Bxd5 dxe5 13. Bxc6+ bxc6 14. dxe5 Qxd1 15. Rxd1 fxe5 16. Nxe5 Rf8 17. Nxc6 Bd7 18. Ne5 Ba4 19. Re1 Rd8 20. Ng6+ Kf7 21. Nxf8 Rxf8 22. Ba3 g5 23. Bxf8 Kxf8 1-0